000 00475nab a2200145Ia 4500
003 ES-SlBCS
005 20210601125238.0
008 140529s1977 xxu||||| |||| 00| 0 eng d
041 _aeng
100 1 _aAquila, Richard E.
_9132880
245 0 0 _aTwo Problems of Being and Nonbeing in Sartre's Being and Nothingness
_c Richard E. Aquila
600 1 4 _aSartre
_9126058
773 0 _tPhilosophy and Phenomenological Research
_gvol. 38, 1977, págs. 167-186
_wRev1411
942 _cAR
999 _c527151
_d527151